000
00292nam a22001337a 4500
008
170418b xxu||||| |||| 00| 0 eng d
020
_a
9780321500571
041
_a
eng
080
_a
573
100
_a
11
101
_a
SHM
245
_a
GET READY FOR BIOLOGY
_c
GARRET, L.K
942
_2
udc
_c
BK
999
_c
11040
_d
11040